Ha Noi Who are you? : Hanoian food = Hà Nội, Bạn là ai? : Món ăn Hà Nội

Giới thiệu các món ăn của người Hà Nội

Wedi'i Gadw mewn:
Manylion Llyfryddiaeth
Prif Awdur: Hữu Ngọc
Fformat: Llyfr
Iaith:Undetermined
Cyhoeddwyd: Hà Nội Nxb Hà Nội 2010
Pynciau:
Tagiau: Ychwanegu Tag
Dim Tagiau, Byddwch y cyntaf i dagio'r cofnod hwn!
Thư viện lưu trữ: Trung tâm Học liệu Trường Đại học Cần Thơ
LEADER 00752nam a2200205Ia 4500
001 CTU_164572
008 210402s9999 xx 000 0 und d
082 |a 641.5959731 
082 |b H566 
100 |a Hữu Ngọc 
245 0 |a Ha Noi Who are you? : Hanoian food = 
245 0 |b Hà Nội, Bạn là ai? : Món ăn Hà Nội 
245 0 |c Hữu Ngọc (chủ biên) ; Lady Borton hợp tác 
260 |a Hà Nội 
260 |b Nxb Hà Nội 
260 |c 2010 
520 |a Giới thiệu các món ăn của người Hà Nội 
650 |a Cooking, Vietnamese,Món ăn, Người Việt Nam,Hà Nội (Việt Nam) 
904 |i Năm 
980 |a Trung tâm Học liệu Trường Đại học Cần Thơ